| 000 | 00423cam a22001577a 4500 | ||
|---|---|---|---|
| 020 | _a9251055211 (pbk.) | ||
| 040 | _cHMZ | ||
| 082 | _a631 FOO 2006 AO38 Or. | ||
| 245 | 0 | 0 | _aGuidelines for soil description. |
| 250 | _a4th ed. | ||
| 260 |
_aRome : _bFood and Agriculture Organization of the United Nations, _c2006. |
||
| 300 |
_ax, 97 p. : _bill. ; _c25 cm. |
||
| 650 | 0 | _aSoil profiles. | |
| 650 | 0 | _aSoils | |
| 942 | _cEK | ||
| 999 |
_c11416 _d11416 |
||